Statistics for WWE General Knowledge Quiz

Click here to take the quiz!

General Stats

  • This quiz has been taken 189 times
  • The average score is 12 of 14

Answer Stats

HintAnswer% Correct
Who Created the Spinner Championship?John Cena
96%
Who is the world's strongest man?Mark Henry
92%
Who is Dusty Rhode's son that shares his last name?Cody Rhodes
91%
Who conquered The Undertaker's streak?Brock Lesnar
89%
What faction consisted of Triple H, Shawn Michaels, and Chyna?D-Generation X
89%
Who is Dusty Rhode's other son?Goldust
87%
Who is the father of the Uso brothers?Rikishi
86%
Which faction consisted of Randy Orton, Ric Flair, Batista, And Triple H?Evolution
85%
Who won the WWE Championship at wrestlemania III?Hulk Hogan
84%
_________ 3:16Austin
83%
Who is the 8th wonder of the world?Andre the Giant
81%
Who won the Greatest Royal Rumble in 2018?Braun Strowman
76%
Who won the first Royal RumbleJim Duggan
74%
What was the Undertaker's Wrestlemania streak prior to wrestlemania XXX?21-0
65%

Score Distribution

Percentile by Number Answered

Percent of People with Each Score

Your Score History

You have not taken this quiz